Statistics for Taylor Swift 92

Click here to take the quiz!

General Stats

  • This quiz has been taken 9 times
  • The average score is 199 of 272

Answer Stats

Answer% Correct
a
100%
and
100%
I
100%
it
100%
that
100%
the
100%
you
100%
be
89%
but
89%
do
89%
don't
89%
I'd
89%
is
89%
like
89%
of
89%
this
89%
to
89%
too
89%
we
89%
your
89%
you're
89%
as
78%
has
78%
if
78%
I'll
78%
it's
78%
just
78%
know
78%
my
78%
say
78%
with
78%
all
67%
are
67%
can't
67%
get
67%
hear
67%
mine
67%
night
67%
out
67%
think
67%
treacherous
67%
will
67%
would
67%
alone
56%
anything
56%
follow
56%
hands
56%
home
56%
mind
56%
reckless
56%
should
56%
sleepless
56%
they
56%
away
44%
bone
44%
choice
44%
close
44%
dangerous
44%
echoed
44%
eye
44%
focus
44%
forever
44%
friction
44%
getting
44%
gravity's
44%
headlights
44%
hope
44%
lips
44%
long
44%
much
44%
nothing
44%
own
44%
path
44%
put
44%
quicksand
44%
safe
44%
shine
44%
skin
44%
slope
44%
smart
44%
sound
44%
swept
44%
through
44%
touch
44%
two
44%
voice
44%
walk
44%
worth
44%
along
33%
asking
33%
decide
33%
drive
33%
flow
33%
going
33%
name
33%
stay
33%
'til
33%
trained
33%
daydream
22%

Score Distribution

Percentile by Number Answered

Percent of People with Each Score

Your Score History

You have not taken this quiz